[Event "×ÐÊ ñðåäè ìóæ÷èí"]
[Site "?"]
[Date "2014.05.04"]
[Round "2"]
[White "Kazhgaleyev, Murtas"]
[Black "Kozganbay, Erkin"]
[Result "1/2-1/2"]
[WhiteElo "2570"]
[BlackElo "2362"]
[PlyCount "143"]

1. d4 f5 2. c4 d6 3. Nf3 Nf6 4. g3 g6 5. Bg2 Bg7 6. O-O O-O 7. Nc3 c6 8. b3 a5
9. Bb2 Na6 10. Qd2 Bd7 11. d5 Nc5 12. Rad1 Rc8 13. Nd4 cxd5 14. Nxd5 Nfe4 15.
Qc2 e5 16. Nb5 Bxb5 17. cxb5 Kh8 18. Qb1 Nf6 19. Ne3 e4 20. Nc4 d5 21. b6 Ncd7
22. Nxa5 Qxb6 23. b4 Qb5 24. a3 Nb6 25. Bd4 Na4 26. Qb3 b6 27. Nb7 Qc6 28. Rc1
Qxb7 29. Qxa4 b5 30. Qb3 Rc4 31. Rfd1 Ng4 32. Bc5 Ra8 33. e3 Ne5 34. Bf1 Rxc1
35. Rxc1 Nc4 36. Qd1 Nxa3 37. Bd4 Nc4 38. Bxg7+ Kxg7 39. Qd4+ Kf7 40. Rd1 Ke6
41. Bxc4 bxc4 42. Kg2 Rc8 43. Qc3 Ra8 44. Rb1 Qc7 45. b5 Qe5 46. Qc2 Rb8 47.
Qa4 Qc7 48. Qb4 c3 49. Rc1 Qc4 50. Qa3 c2 51. Qa6+ Kd7 52. Qa7+ Qc7 53. Qa4 Qc4
54. Qa7+ Qc7 55. Qxc7+ Kxc7 56. Rxc2+ Kb6 57. h3 Rb7 58. Rd2 Kc5 59. g4 f4 60.
Rc2+ Kb4 61. h4 fxe3 62. fxe3 Kxb5 63. Kf2 Rf7+ 64. Ke2 h5 65. gxh5 gxh5 66.
Rc8 Ra7 67. Rb8+ Kc4 68. Rc8+ Kb4 69. Rb8+ Kc5 70. Rc8+ Kd6 71. Rd8+ Ke6 72.
Re8+ 1/2-1/2

[Event "×ÐÊ ñðåäè ìóæ÷èí"]
[Site "?"]
[Date "2014.05.04"]
[Round "2"]
[White "Aitbayev, Aslan"]
[Black "Egorov, Evgeny"]
[Result "0-1"]
[WhiteElo "2420"]
[BlackElo "2357"]
[PlyCount "96"]

1. e4 e6 2. d4 d5 3. Nd2 Nf6 4. e5 Nfd7 5. Bd3 c5 6. c3 Nc6 7. Ne2 cxd4 8. cxd4
f6 9. exf6 Nxf6 10. O-O Bd6 11. Nf3 Qc7 12. Bg5 O-O 13. Bh4 Nh5 14. Qc2 h6 15.
Bh7+ Kh8 16. Bg6 Rxf3 17. Bxh5 Rf8 18. Bg3 Rf6 19. Rac1 Bd7 20. Qd2 Raf8 21.
Rc3 Be8 22. Bg4 Bf7 23. Re1 Bg8 24. f3 Bxg3 25. hxg3 e5 26. dxe5 Qb6+ 27. Qe3
Nxe5 28. Qxb6 Rxb6 29. Bh3 Rxb2 30. Nf4 g5 31. Ne6 Bxe6 32. Bxe6 d4 33. Rc7 d3
34. Rxe5 d2 35. Rd5 Rb1+ 36. Kh2 d1=Q 37. Rxd1 Rxd1 38. Rxb7 Re8 39. Bb3 Rb1
40. g4 Rb2 41. Rxa7 Ree2 42. Ra8+ Kg7 43. Ra7+ Kf6 44. Ra6+ Ke7 45. Ra7+ Kd6
46. Ra6+ Kc5 47. Rxh6 Rxg2+ 48. Kh1 Rge2 0-1

[Event "×ÐÊ ñðåäè ìóæ÷èí"]
[Site "?"]
[Date "2014.05.04"]
[Round "2"]
[White "Ismagambetov, Anuar"]
[Black "Kostenko, Petr"]
[Result "1-0"]
[WhiteElo "2508"]
[BlackElo "2507"]
[PlyCount "75"]

1. e4 e6 2. d4 d5 3. Nc3 Nf6 4. e5 Nfd7 5. f4 c5 6. Nf3 Nc6 7. Be3 Be7 8. a3
O-O 9. Qd2 b6 10. g3 Bb7 11. h4 f6 12. exf6 Bxf6 13. O-O-O Re8 14. Bb5 Rc8 15.
g4 Na5 16. g5 Be7 17. Rhe1 a6 18. Bf1 b5 19. dxc5 Nxc5 20. Kb1 Qc7 21. Ne5 Bd6
22. Bd4 Nc4 23. Bxc4 bxc4 24. h5 Nd7 25. h6 g6 26. Nxg6 hxg6 27. h7+ Kf7 28. f5
exf5 29. h8=Q Rxh8 30. Bxh8 Rxh8 31. Nxd5 Qc5 32. Nf4 Be4 33. Qxd6 Qxd6 34.
Rxd6 Ne5 35. Rf6+ Kg7 36. Ne6+ Kh7 37. Nc5 Nf3 38. Rh1+ 1-0

[Event "×ÐÊ ñðåäè ìóæ÷èí"]
[Site "?"]
[Date "2014.05.04"]
[Round "2"]
[White "Kuderinov, Kirill"]
[Black "Gurkin, Anton"]
[Result "1-0"]
[WhiteElo "2442"]
[BlackElo "2206"]
[PlyCount "63"]

1. e4 Nf6 2. Nc3 d5 3. e5 d4 4. exf6 dxc3 5. bxc3 exf6 6. Nf3 Bd6 7. Be2 O-O 8.
O-O c5 9. d4 Nc6 10. Be3 Qa5 11. Nd2 Rd8 12. d5 Ne7 13. Nc4 Qxc3 14. Bd2 Qd4
15. Nxd6 Rxd6 16. c4 Nf5 17. Qc1 Bd7 18. Re1 Re8 19. Bc3 Qh4 20. Bd3 Rc8 21.
Re4 Qh5 22. g4 Qh3 23. Bf1 Qh4 24. Bg2 Nd4 25. Bxd4 cxd4 26. Qa3 Ra6 27. Qe7
Ba4 28. d6 g6 29. d7 Bxd7 30. Qxd7 Rxc4 31. Re8+ Kg7 32. Re7 1-0

[Event "×ÐÊ ñðåäè ìóæ÷èí"]
[Site "?"]
[Date "2014.05.04"]
[Round "2"]
[White "Makhnyov, Denis"]
[Black "Khusnutdinov, Rustam"]
[Result "0-1"]
[WhiteElo "2187"]
[BlackElo "2495"]
[PlyCount "36"]

1. d4 Nf6 2. c4 g6 3. Nc3 d5 4. cxd5 Nxd5 5. Bd2 Nb6 6. e4 Qxd4 7. Qc2 c6 8.
Rd1 Bg4 9. f3 Be6 10. Nge2 Qf6 11. Be3 Bg7 12. h4 Bc4 13. a4 Na6 14. a5 Nb4 15.
Qb1 Nd7 16. Bd4 e5 17. Be3 Qd8 18. b3 Ba6 0-1

[Event "×ÐÊ ñðåäè ìóæ÷èí"]
[Site "?"]
[Date "2014.05.04"]
[Round "2"]
[White "Akhmetov, Ayan"]
[Black "Jumabayev, Rinat"]
[Result "1/2-1/2"]
[WhiteElo "2386"]
[BlackElo "2561"]
[PlyCount "32"]

1. d4 Nf6 2. Nf3 e6 3. Bg5 c5 4. c3 Nc6 5. e3 h6 6. Bh4 cxd4 7. exd4 Be7 8. Bd3
O-O 9. O-O d6 10. Re1 Re8 11. Bc2 Qc7 12. Qd3 g6 13. Na3 Kg7 14. Bg3 Nh5 15.
Nh4 Nxg3 16. Qxg3 Bxh4 1/2-1/2

[Event "×ÐÊ ñðåäè ìóæ÷èí"]
[Site "?"]
[Date "2014.05.03"]
[Round "1"]
[White "Kozganbay, Erkin"]
[Black "Kostenko, Petr"]
[Result "0-1"]
[WhiteElo "2362"]
[BlackElo "2507"]
[PlyCount "124"]

1. e4 e6 2. d4 d5 3. Nd2 c5 4. exd5 Qxd5 5. dxc5 Bxc5 6. Ngf3 Nf6 7. Bc4 Qc6 8.
Qe2 Qc7 9. O-O Nc6 10. Ne4 Be7 11. c3 Bd7 12. g3 h6 13. Bf4 e5 14. Nxf6+ gxf6
15. Be3 Bg4 16. Bd5 f5 17. Qc4 O-O-O 18. Nd2 Bd6 19. Bxf7 f4 20. Be6+ Bxe6 21.
Qxe6+ Kb8 22. gxf4 exf4 23. Bd4 Nxd4 24. cxd4 Qg7+ 25. Kh1 Qxd4 26. Rad1 Bc7
27. Qb3 f3 28. Nxf3 Qg4 29. Rg1 Qh3 30. Rxd8+ Rxd8 31. Rg8 Qf1+ 32. Ng1 Qxf2
33. Rxd8+ Bxd8 34. Qg3+ Qxg3 35. hxg3 Kc7 36. Kg2 Kd6 37. Kf3 Bf6 38. b3 Kc5
39. Ne2 Kb4 40. Ke4 Ka3 41. Kd3 Kxa2 42. Kc2 Ka3 43. g4 Kb4 44. Ng3 Bg5 45. Ne4
Bf4 46. Nf2 Be3 47. Ne4 a6 48. Nd6 b6 49. Nc4 Bd4 50. Nd6 Be5 51. Nf5 Bf4 52.
Nd4 Bg5 53. Ne6 a5 54. Nd4 Kc5 55. Kd3 Kd5 56. Nf3 Bf6 57. Nd2 b5 58. Ne4 Be5
59. Nd2 Bg7 60. Ne4 a4 61. bxa4 bxa4 62. Nd2 a3 0-1

[Event "×ÐÊ ñðåäè ìóæ÷èí"]
[Site "?"]
[Date "2014.05.03"]
[Round "1"]
[White "Egorov, Evgeny"]
[Black "Makhnyov, Denis"]
[Result "0-1"]
[WhiteElo "2357"]
[BlackElo "2187"]
[PlyCount "94"]

1. e4 c5 2. Nc3 Nc6 3. Nge2 g6 4. g3 Bg7 5. Bg2 d6 6. O-O e6 7. d3 Nge7 8. Bg5
O-O 9. Qd2 Nd4 10. Nxd4 cxd4 11. Ne2 Re8 12. a4 Qc7 13. Rfc1 Nc6 14. c4 a5 15.
Bh6 b6 16. Bxg7 Kxg7 17. Nf4 Bb7 18. h4 Nb4 19. h5 e5 20. Nd5 Bxd5 21. cxd5 Qe7
22. Bh3 gxh5 23. Kf1 Ra7 24. Ke2 Qf6 25. Rc4 Rb7 26. Rac1 b5 27. axb5 Rxb5 28.
Bd7 Reb8 29. Bxb5 Rxb5 30. Ra1 h6 31. Rcc1 Qg6 32. Rh1 f5 33. f3 fxe4 34. dxe4
Kh7 35. Qc1 Rc5 36. Rxa5 Rxc1 37. Ra7+ Kg8 38. Rxc1 d3+ 39. Kf2 Nc2 40. Rc7 Qg5
41. R7xc2 dxc2 42. Rxc2 h4 43. gxh4 Qxh4+ 44. Ke2 Qh2+ 45. Kd3 Qh1 46. Kc4 Qxf3
47. Kb5 Qb3+ 0-1

[Event "×ÐÊ ñðåäè ìóæ÷èí"]
[Site "?"]
[Date "2014.05.03"]
[Round "1"]
[White "Aitbayev, Aslan"]
[Black "Ismagambetov, Anuar"]
[Result "1/2-1/2"]
[WhiteElo "2420"]
[BlackElo "2508"]
[PlyCount "88"]

1. e4 c5 2. Nf3 Nc6 3. Nc3 e5 4. Bc4 Be7 5. d3 Nf6 6. Nd2 d6 7. Nf1 Bg4 8. f3
Be6 9. Ne3 O-O 10. O-O a6 11. a3 b5 12. Ba2 Kh8 13. Ncd5 Nh5 14. g3 g6 15. f4
Bh3 16. Rf2 exf4 17. gxf4 Bh4 18. Rf3 Bd7 19. b4 Bf6 20. Nxf6 Qxf6 21. Rb1 Nd4
22. Bb2 h6 23. Kh1 Kh7 24. Nd5 Qh4 25. Bxd4 cxd4 26. Qe1 Qxe1+ 27. Rxe1 Bc6 28.
Ne7 Bb7 29. f5 Rae8 30. Bxf7 Rxe7 31. Bxg6+ Kh8 32. Bxh5 Re5 33. Bg6 d5 34. Rf4
dxe4 35. dxe4 Kg7 36. Kg2 Rc8 37. Re2 Kf6 38. Rg4 Rc3 39. Kf2 Rh3 40. Ke1 Re3
41. Rxe3 dxe3 42. Ke2 Bxe4 43. Rg3 Bxc2 44. Rxe3 Bxf5 1/2-1/2

[Event "×ÐÊ ñðåäè ìóæ÷èí"]
[Site "?"]
[Date "2014.05.03"]
[Round "1"]
[White "Khusnutdinov, Rustam"]
[Black "Akhmetov, Ayan"]
[Result "1/2-1/2"]
[WhiteElo "2495"]
[BlackElo "2386"]
[PlyCount "69"]

1. d4 Nf6 2. c4 e6 3. Nc3 Bb4 4. Qc2 O-O 5. Nf3 c5 6. dxc5 Nc6 7. Bg5 Bxc5 8.
e3 Be7 9. Be2 h6 10. Bh4 d5 11. O-O dxc4 12. Bxc4 a6 13. Rfd1 Qa5 14. Be2 Nb4
15. Qb3 b6 16. a3 Nc6 17. Rac1 Bb7 18. Bxf6 Bxf6 19. Ne4 Ne5 20. Nxf6+ gxf6 21.
Nxe5 fxe5 22. Qc4 e4 23. Qd4 Rac8 24. h4 Bd5 25. Kh2 b5 26. g3 Qd8 27. Bf1 Qe7
28. Bg2 f5 29. Qb6 Qb7 30. Qa5 Rc6 31. Rc3 Rxc3 32. Qxc3 Rc8 33. Qd4 Qg7 34.
Qd2 Qc7 35. Qd4 1/2-1/2

[Event "×ÐÊ ñðåäè ìóæ÷èí"]
[Site "?"]
[Date "2014.05.03"]
[Round "1"]
[White "Jumabayev, Rinat"]
[Black "Kuderinov, Kirill"]
[Result "1-0"]
[WhiteElo "2561"]
[BlackElo "2442"]
[PlyCount "57"]

1. Nf3 Nf6 2. c4 g6 3. Nc3 Bg7 4. e4 d6 5. d4 O-O 6. Be2 Bg4 7. Be3 Nbd7 8. Nd2
Bxe2 9. Qxe2 e5 10. d5 a5 11. O-O Ne8 12. a3 Bf6 13. b4 Bg5 14. c5 Bxe3 15.
Qxe3 Qe7 16. c6 bxc6 17. dxc6 Ndf6 18. b5 Ng7 19. Nc4 Qe6 20. Qd3 Ngh5 21. g3
Qh3 22. Qc2 Nf4 23. f3 Qe6 24. Ne3 Nh3+ 25. Kh1 h5 26. Ned5 Ne8 27. f4 exf4 28.
gxf4 f5 29. Qg2 1-0

[Event "×ÐÊ ñðåäè ìóæ÷èí"]
[Site "?"]
[Date "2014.05.03"]
[Round "1"]
[White "Gurkin, Anton"]
[Black "Kazhgaleyev, Murtas"]
[Result "0-1"]
[WhiteElo "2206"]
[BlackElo "2570"]
[PlyCount "46"]

1. e4 e6 2. d4 d5 3. exd5 exd5 4. Bd3 Nc6 5. c3 Bd6 6. Nf3 Bg4 7. O-O Qd7 8.
Bg5 f6 9. Bh4 Nge7 10. Nbd2 O-O-O 11. Bg3 g5 12. Qc2 Ng6 13. h3 Be6 14. Rfe1
Kb8 15. Bxd6 cxd6 16. Bxg6 hxg6 17. Qxg6 Bxh3 18. Qxf6 Rdf8 19. Qg6 Bxg2 20.
Nxg5 Rhg8 21. Qh6 Qg4 22. Qxd6+ Ka8 23. f4 Be4+ 0-1

[Event "×ÐÊ ñðåäè ìóæ÷èí"]
[Site "?"]
[Date "2014.05.05"]
[Round "3"]
[White "Egorov, Evgeny"]
[Black "Ismagambetov, Anuar"]
[Result "1-0"]
[WhiteElo "2357"]
[BlackElo "2508"]
[PlyCount "145"]

1. Nf3 Nf6 2. c4 e6 3. d4 b6 4. g3 Ba6 5. Qa4 Be7 6. Nc3 O-O 7. Bg2 Bb7 8. O-O
Ne4 9. Rd1 Nxc3 10. bxc3 d6 11. Be3 Qe8 12. Qxe8 Rxe8 13. c5 Nd7 14. cxd6 cxd6
15. a4 Rac8 16. Rdc1 a5 17. Ne5 Rc7 18. Nxd7 Rxd7 19. Rab1 d5 20. Rxb6 Bd8 21.
Rb2 Ba6 22. Bf1 Be7 23. Rcb1 Rc7 24. Rb6 Bc4 25. Bf4 Rcc8 26. Bd6 Bxd6 27. Rxd6
Rc7 28. f3 Kf8 29. Kf2 Rec8 30. Ke1 Ke7 31. Rdb6 h6 32. Kd2 Kd7 33. Bh3 Rc6 34.
Rxc6 Rxc6 35. e4 Kc7 36. Bf1 Bxf1 37. Rxf1 Rc4 38. Ra1 Kd6 39. e5+ Kd7 40. f4
h5 41. Kc2 Ke7 42. h3 g6 43. g4 hxg4 44. hxg4 Kf8 45. Kb3 Kg7 46. Rf1 f5 47. g5
Kf8 48. Rb1 Kf7 49. Kc2 Rxa4 50. Kb3 Rc4 51. Ra1 Rc7 52. Rxa5 Rb7+ 53. Kc2 Rc7
54. Ra4 Rb7 55. c4 dxc4 56. Kc3 Rc7 57. Ra5 Ke7 58. Rb5 Kf7 59. Rc5 Ra7 60.
Rxc4 Ke7 61. Rc6 Ra4 62. Rc7+ Kf8 63. Rc4 Ra7 64. Rc6 Ke7 65. d5 exd5 66. Kd4
Ra4+ 67. Kxd5 Rxf4 68. Rxg6 Ra4 69. Rg7+ Kf8 70. Rb7 Ra6 71. e6 f4 72. Ke5 f3
73. Rf7+ 1-0

[Event "×ÐÊ ñðåäè ìóæ÷èí"]
[Site "?"]
[Date "2014.05.05"]
[Round "3"]
[White "Jumabayev, Rinat"]
[Black "Makhnyov, Denis"]
[Result "1/2-1/2"]
[WhiteElo "2561"]
[BlackElo "2187"]
[PlyCount "99"]

1. c4 c5 2. Nf3 Nf6 3. Nc3 e6 4. g3 b6 5. Bg2 Bb7 6. O-O d6 7. Re1 Nbd7 8. e4
a6 9. d4 cxd4 10. Nxd4 Qc7 11. Be3 Be7 12. Rc1 O-O 13. f4 Rfe8 14. g4 Nc5 15.
Bf2 e5 16. Nf5 Qd8 17. b4 Ne6 18. fxe5 dxe5 19. Qxd8 Bxd8 20. Nd6 Re7 21. Nd5
Rd7 22. Nxb7 Rxb7 23. h3 Rc8 24. Red1 g6 25. Be3 Kg7 26. Bf3 Nd7 27. Rc3 Bg5
28. Bf2 Bd8 29. Kg2 h6 30. Rdc1 Bg5 31. Rd1 Bd8 32. Rdc1 Bg5 33. Rb1 Nd4 34.
Bg3 Bd8 35. Bd1 f6 36. Bf2 Nf8 37. Rbc1 Nfe6 38. h4 Be7 39. Rb1 Bf8 40. Bg3 Rc6
41. Rb2 Be7 42. Kf1 Bd8 43. Be2 Rb8 44. Bd3 Rbc8 45. Be1 Nf3 46. Bg3 Nfd4 47.
Be1 Nf3 48. Bg3 Nfd4 49. Be1 Nf3 50. Bg3 1/2-1/2

[Event "×ÐÊ ñðåäè ìóæ÷èí"]
[Site "?"]
[Date "2014.05.05"]
[Round "3"]
[White "Kostenko, Petr"]
[Black "Kazhgaleyev, Murtas"]
[Result "1/2-1/2"]
[WhiteElo "2507"]
[BlackElo "2570"]
[Annotator ",immortal223"]
[PlyCount "107"]

1. c4 c6 2. g3 Nf6 3. Bg2 d5 4. Nf3 g6 5. b3 Bg7 6. Bb2 O-O 7. d3 a5 8. Qc2 Na6
9. a3 b6 10. O-O Bb7 11. e4 Nc5 12. Rd1 Qb8 13. e5 Nfd7 14. Nbd2 Ne6 15. cxd5
cxd5 16. d4 Rc8 17. Qd3 Ba6 18. Qe3 Rc2 19. Rab1 Rc7 20. Ne1 Qb7 21. f4 a4 22.
Nd3 Bxd3 23. Qxd3 b5 24. Nf1 Nef8 25. Ne3 e6 26. Bc1 Qa7 27. Qxb5 Rb8 28. Qd3
axb3 29. Rxb3 Nb6 30. Bd2 Rbc8 31. Ra1 Na4 32. Rb5 Nc3 33. Rb4 Nd7 34. Kh1 (34.
a4 $5) (34. Rb3 $1) 34... Bf8 35. Rb3 Na4 36. Rd1 Ndc5 37. dxc5 Nxc5 38. Qb1
Nxb3 39. Qxb3 Rc3 $1 {Øèêàðíûé õîä!!} 40. Bxc3 Qxe3 41. a4 Rxc3 42. Qb5 Ra3 43.
a5 Qa7 44. g4 Rxa5 45. Qf1 Qc7 46. Rc1 Qe7 47. f5 d4 48. Qe1 Ra2 49. Rd1 Qg5 $6
(49... Qc5 $1) 50. fxe6 fxe6 51. Rxd4 Bc5 52. Rc4 Qe3 53. Qxe3 Bxe3 54. h4
1/2-1/2

[Event "×ÐÊ ñðåäè ìóæ÷èí"]
[Site "?"]
[Date "2014.05.05"]
[Round "3"]
[White "Khusnutdinov, Rustam"]
[Black "Aitbayev, Aslan"]
[Result "1/2-1/2"]
[WhiteElo "2495"]
[BlackElo "2420"]
[Annotator ",immortal223"]
[PlyCount "80"]

1. d4 d6 2. Nf3 g6 3. e4 Nf6 4. Nc3 Bg7 5. Be2 O-O 6. O-O c6 7. a4 a5 8. e5
dxe5 9. Nxe5 Na6 10. Bc4 Nb4 11. Ne2 Nd7 12. f4 $5 Nxe5 13. fxe5 c5 14. c3 Nc6
15. h3 cxd4 16. cxd4 Qb6 17. Qb3 Qxb3 18. Bxb3 Bf5 19. Be3 Rac8 20. Rac1 Bd3
21. Kf2 Nb4 22. Kf3 e6 23. Rfd1 Bc2 24. Bxc2 Nxc2 25. Bd2 f6 26. exf6 Rxf6+ 27.
Kg3 Rf5 28. Be1 Rc6 $1 29. Bc3 Ne3 30. Re1 Bf8 31. h4 $2 Bd6+ $1 32. Kh3 g5 $4
(32... Rh5 $3 {âîò òàêîé íå~~åëîâå~~åñêèé õîä íóæíî áûëî íàéòè ..}) 33. hxg5
Rxg5 34. g4 $1 h5 35. Bd2 $1 hxg4+ 36. Kh4 Be7 37. Bxe3 Re5+ 38. Kxg4 Rxe3 39.
Rxc6 bxc6 40. Kf4 Rb3 1/2-1/2

[Event "×ÐÊ ñðåäè ìóæ÷èí"]
[Site "?"]
[Date "2014.05.05"]
[Round "3"]
[White "Gurkin, Anton"]
[Black "Akhmetov, Ayan"]
[Result "0-1"]
[WhiteElo "2206"]
[BlackElo "2386"]
[Annotator ",immortal223"]
[PlyCount "80"]

1. e4 e6 2. d4 d5 3. exd5 exd5 4. Nf3 Bg4 5. Be2 Bd6 6. O-O Ne7 7. Nc3 c6 8.
Ne5 Be6 9. Bd3 Nd7 10. Bf4 Bxe5 11. Bxe5 Nxe5 12. dxe5 Qb6 13. Rb1 Ng6 14. Re1
O-O-O 15. b4 Qd4 16. Bxg6 Qxd1 17. Rbxd1 hxg6 18. f4 g5 19. fxg5 Rh4 20. a3
Rdh8 21. h3 R8h5 22. g6 fxg6 23. Rd3 g5 24. Rf3 g4 25. Rf8+ Kc7 26. Re8 $6 Kd7
27. Rb8 gxh3 28. Rxb7+ Kc8 29. Rxg7 hxg2 30. Kf2 $2 (30. Re2 {
õîòÿ, òîæå íå ñïàñàëî..}) 30... d4 $1 31. Rg6 Kd7 $2 (31... Rh1 $3) 32. Na4 $2
(32. Ne4 {Ïîñëåäíèé øàíñ áûë..}) 32... Bd5 33. e6+ Ke7 34. Rg7+ Kf8 35. Rf7+
Ke8 36. Rxa7 Rf5+ 37. Kg3 Rh1 38. Ra8+ Ke7 39. Ra7+ Kf6 40. Rf7+ Kg6 0-1

[Event "×ÐÊ ñðåäè ìóæ÷èí"]
[Site "?"]
[Date "2014.05.05"]
[Round "3"]
[White "Kozganbay, Erkin"]
[Black "Kuderinov, Kirill"]
[Result "1/2-1/2"]
[WhiteElo "2362"]
[BlackElo "2442"]
[PlyCount "64"]

1. e4 e5 2. f4 d5 3. exd5 e4 4. d3 exd3 5. Qxd3 Nf6 6. Nc3 Be7 7. Be3 O-O 8.
O-O-O Na6 9. Nf3 Nb4 10. Qd2 Bf5 11. Nd4 Ne4 12. Nxe4 Bxe4 13. a3 Nxd5 14. Bd3
Bxd3 15. Qxd3 Bf6 16. Nf3 Nxe3 17. Qxe3 Qe8 18. Qxe8 Rfxe8 19. Rhe1 Be7 20. g3
Bc5 21. c3 Be3+ 22. Kc2 f6 23. Rd7 Bb6 24. Rxe8+ Rxe8 25. Kd2 g5 26. fxg5 fxg5
27. Nd4 Re5 28. g4 h5 29. gxh5 g4 30. h6 Rh5 31. Rg7+ Kh8 32. Rxg4 Rxh2+
1/2-1/2

[Event "×ÐÊ ñðåäè ìóæ÷èí"]
[Site "?"]
[Date "2014.05.06"]
[Round "4"]
[White "Ismagambetov, Anuar"]
[Black "Kazhgaleyev, Murtas"]
[Result "1-0"]
[WhiteElo "2508"]
[BlackElo "2570"]
[PlyCount "89"]

1. e4 e6 2. d4 d5 3. Nc3 Bb4 4. Nge2 Nc6 5. a3 Ba5 6. Ng3 dxe4 7. Bb5 f5 8. f3
Nge7 9. Bg5 exf3 10. Qxf3 Qxd4 11. b4 Bb6 12. Rd1 Qe5+ 13. Kd2 O-O 14. Rhe1
Rd8+ 15. Bd3 Qd4 16. Nge2 Qd7 17. Kc1 Qe8 18. Qg3 Nd4 19. Nf4 c5 20. Bc4 Bc7
21. bxc5 Ng6 22. Qf2 Bxf4+ 23. Bxf4 Nxf4 24. Qxf4 Nc6 25. Qxf5 Rxd1+ 26. Rxd1
Kh8 27. Qe4 Bd7 28. Nb5 Qe7 29. Nd6 Rf8 30. Kb1 Qg5 31. Nxb7 Ne5 32. Nd6 h6 33.
h4 Qg3 34. Bb3 Bc6 35. Nf7+ Nxf7 36. Qxc6 Ne5 37. Qd6 Rc8 38. Qxe6 Rb8 39. Kb2
Qe3 40. Qd5 Rc8 41. Rd4 Ng6 42. Re4 Qf2 43. h5 Qf6+ 44. Ka2 Nf4 45. Qd7 1-0

[Event "×ÐÊ ñðåäè ìóæ÷èí"]
[Site "?"]
[Date "2014.05.06"]
[Round "4"]
[White "Kuderinov, Kirill"]
[Black "Kostenko, Petr"]
[Result "1/2-1/2"]
[WhiteElo "2442"]
[BlackElo "2507"]
[PlyCount "93"]

1. e4 e6 2. d4 d5 3. Nc3 Nf6 4. Bg5 dxe4 5. Nxe4 Nbd7 6. Nxf6+ Nxf6 7. Nf3 c5
8. dxc5 Qa5+ 9. Qd2 Qxd2+ 10. Nxd2 Bxc5 11. Bb5+ Bd7 12. Bxd7+ Kxd7 13. Rd1 Ke7
14. Ne4 Rac8 15. c3 h6 16. Bxf6+ gxf6 17. Ke2 Rhg8 18. g3 Bb6 19. Rd3 Rcd8 20.
Rhd1 Rxd3 21. Rxd3 f5 22. Nd2 f4 23. b4 Bc7 24. Nb3 fxg3 25. hxg3 Rd8 26. Re3
h5 27. Re4 f5 28. Rc4 Be5 29. Na5 Rd7 30. Rc8 Kf7 31. Nb3 b6 32. c4 f4 33. gxf4
Bxf4 34. Rh8 Kg6 35. c5 bxc5 36. Nxc5 Rd2+ 37. Kf3 Be5 38. Rg8+ Kf7 39. Rg5 Bd4
40. Ne4 Rd3+ 41. Ke2 Ra3 42. Rxh5 e5 43. Rh6 Ke7 44. b5 Bb6 45. Rc6 Rxa2+ 46.
Kd3 Bxf2 47. Nxf2 1/2-1/2

[Event "×ÐÊ ñðåäè ìóæ÷èí"]
[Site "?"]
[Date "2014.05.06"]
[Round "4"]
[White "Egorov, Evgeny"]
[Black "Khusnutdinov, Rustam"]
[Result "1-0"]
[WhiteElo "2357"]
[BlackElo "2495"]
[PlyCount "91"]

1. Nf3 c5 2. c4 Nf6 3. Nc3 d5 4. cxd5 Nxd5 5. e4 Nxc3 6. dxc3 Qxd1+ 7. Kxd1 Nc6
8. Be3 e6 9. Kc2 Be7 10. Be2 Bd7 11. Rhd1 O-O-O 12. a3 Na5 13. Rxd7 Kxd7 14.
Ne5+ Ke8 15. Bb5+ Kf8 16. b4 Bd6 17. Nd7+ Ke7 18. e5 Nc6 19. Nxc5 Bxe5 20. Nxb7
Rc8 21. Bc5+ Kf6 22. Rd1 Rc7 23. f4 Bxf4 24. Rf1 Kg5 25. Rxf4 Kxf4 26. Bd6+ Ke3
27. Bxc7 Nd4+ 28. cxd4 Rc8 29. Nc5 Rxc7 30. Kc3 Kf2 31. g4 Kg2 32. Bd7 Kxh2 33.
a4 f5 34. gxf5 exf5 35. Bxf5 g5 36. d5 Rf7 37. Bg4 Kg3 38. Bh5 Rf8 39. d6 Kh4
40. Ne6 Rc8+ 41. Kd4 Kxh5 42. d7 Rb8 43. d8=Q Rxd8+ 44. Nxd8 Kg4 45. b5 Kf3 46.
Nf7 1-0

[Event "×ÐÊ ñðåäè ìóæ÷èí"]
[Site "?"]
[Date "2014.05.06"]
[Round "4"]
[White "Aitbayev, Aslan"]
[Black "Jumabayev, Rinat"]
[Result "0-1"]
[WhiteElo "2420"]
[BlackElo "2561"]
[PlyCount "80"]

1. e4 e5 2. Nf3 Nc6 3. Bc4 Bc5 4. c3 Nf6 5. d4 exd4 6. cxd4 Bb4+ 7. Bd2 Bxd2+
8. Nbxd2 d5 9. exd5 Nxd5 10. O-O O-O 11. Rc1 Nb6 12. Bb3 a5 13. a4 Bg4 14. h3
Bh5 15. Rc5 Bg6 16. Qc1 Nd7 17. Rb5 Nb6 18. Qc3 Nb4 19. Ne5 c6 20. Rc5 N6d5 21.
Qg3 Bf5 22. Re1 Be6 23. Ne4 Re8 24. Rcc1 Qc7 25. Nc5 Re7 26. Qf3 Rd8 27. Re4
Bc8 28. Rh4 g6 29. Ne4 Kg7 30. Qg3 Rh8 31. Qg5 h6 32. Qd2 Qd8 33. g3 f6 34. f4
Bf5 35. Nf2 fxe5 36. dxe5 Rd7 37. Qe2 g5 38. Rh5 Bg6 39. f5 Bxf5 40. e6 Rc7 0-1

[Event "×ÐÊ ñðåäè ìóæ÷èí"]
[Site "?"]
[Date "2014.05.06"]
[Round "4"]
[White "Akhmetov, Ayan"]
[Black "Kozganbay, Erkin"]
[Result "0-1"]
[WhiteElo "2386"]
[BlackElo "2362"]
[PlyCount "63"]

1. d4 c5 2. d5 Nf6 3. Nc3 d6 4. e4 g6 5. Nf3 Bg7 6. Bc4 O-O 7. O-O Bg4 8. h3
Bxf3 9. Qxf3 Na6 10. Bf4 Nd7 11. Qd1 Nc7 12. a4 b6 13. Re1 a6 14. Bg3 Rb8 15.
Bf1 b5 16. axb5 axb5 17. f4 Nb6 18. Nxb5 Nxb5 19. Bxb5 Nxd5 20. exd5 Rxb5 21.
Bh4 Re8 22. Ra7 Bf6 23. Bxf6 exf6 24. Kh2 Rb4 25. Rxe8+ Qxe8 26. Qf3 Kg7 27. b3
Rd4 28. Ra6 Qe1 29. Rxd6 Rd1 30. Rd7 Qg1+ 31. Kg3 Re1 32. Qg4 0-1

[Event "×ÐÊ ñðåäè ìóæ÷èí"]
[Site "?"]
[Date "2014.05.07"]
[Round "5"]
[White "Khusnutdinov, Rustam"]
[Black "Ismagambetov, Anuar"]
[Result "0-1"]
[WhiteElo "2495"]
[BlackElo "2508"]
[PlyCount "42"]

1. d4 Nf6 2. c4 e6 3. Nc3 Bb4 4. Qc2 O-O 5. Nf3 d6 6. Bg5 Nbd7 7. e3 h6 8. Bh4
b6 9. Bd3 Bb7 10. Nd2 Bxc3 11. bxc3 Qe7 12. O-O g5 13. Bg3 Nh5 14. Be2 Ng7 15.
a4 a5 16. Rab1 f5 17. f3 e5 18. c5 dxc5 19. Bb5 Ba6 20. c4 Bxb5 21. cxb5 f4 0-1

[Event "×ÐÊ ñðåäè ìóæ÷èí"]
[Site "?"]
[Date "2014.05.07"]
[Round "5"]
[White "Gurkin, Anton"]
[Black "Aitbayev, Aslan"]
[Result "0-1"]
[WhiteElo "2206"]
[BlackElo "2420"]
[PlyCount "58"]

1. e4 c5 2. a3 g6 3. b4 Bg7 4. Nc3 b6 5. bxc5 bxc5 6. Rb1 Nc6 7. Nf3 Nf6 8. h3
O-O 9. e5 Nh5 10. Rb5 d6 11. g4 Nf4 12. d4 cxd4 13. Bxf4 dxc3 14. Qd5 dxe5 15.
Bg5 Qxd5 16. Rxd5 Bb7 17. Rd7 Nd4 18. Nxd4 Bxh1 19. Nb5 e6 20. Nxa7 f6 21. Be3
Rf7 22. Rxf7 Kxf7 23. Bb5 Bh6 24. g5 Bxg5 25. Bb6 Be4 26. Kd1 Rb8 27. Bc5 Rd8+
28. Bd3 Bf3+ 29. Ke1 Rxd3 0-1

[Event "×ÐÊ ñðåäè ìóæ÷èí"]
[Site "?"]
[Date "2014.05.07"]
[Round "5"]
[White "Kostenko, Petr"]
[Black "Akhmetov, Ayan"]
[Result "1/2-1/2"]
[WhiteElo "2507"]
[BlackElo "2386"]
[Annotator ",immortal223"]
[PlyCount "87"]

1. c4 c5 2. g3 g6 3. Bg2 Bg7 4. Nc3 Nc6 5. Nf3 e5 6. O-O Nge7 7. a3 O-O 8. Rb1
d6 9. b4 f5 10. Ne1 Rb8 11. d3 h6 12. Bd2 g5 13. e3 Qd7 14. f4 gxf4 15. exf4
exf4 16. Rxf4 Qe8 17. Nb5 Qg6 18. Nf3 Ne5 $18 19. bxc5 dxc5 20. Nxa7 $2 $11 (
20. Nxe5 Bxe5 21. Qe2 Qg7 22. Rh4 {È äàæå òàêîé õîä âûèãðûâàåò..} f4 23. Nxa7
Ng6 24. Bd5+ Kh7 25. Rh5 $18) 20... Nxd3 21. Qe2 Nxf4 22. Bxf4 Qe6 23. Qf1 $2 {
Õîòÿ , è ïîñëå òàêîãî õîäà, ðàâåíñòâî.} Ra8 24. Nb5 Qf6 25. Be5 Qf7 26. Re1 Nc6
27. Bd6 Re8 28. Rxe8+ $5 (28. Nc7 $1) 28... Qxe8 29. Bxc5 Ra4 $2 (29... Bf8 $5)
30. Nh4 $6 (30. Qd1 $1 {Ïåðåõâàò èíèöèàòèâû}) 30... Qe5 31. Bd5+ Be6 32. Qxf5
Bxd5 33. cxd5 $11 Qe1+ 34. Qf1 Qe5 35. Qd1 $2 Rc4 $1 {Ïî ñóòè âûèãðûøíûé õîä.}
36. Bf2 Qb2 37. Qh5 Qb1+ $4 $11 (37... Rc1+ $1 38. Kg2 Qxb5 39. Qe8+ Bf8 40.
Qg6+ Kh8 41. Qf6+ Bg7 $19) 38. Kg2 Ne5 39. Nd6 Rc7 40. Qf5 Qd1 41. Qe6+ Kh7 42.
Qf5+ Kg8 43. Qe6+ Kh7 44. Qf5+ 1/2-1/2

[Event "×ÐÊ ñðåäè ìóæ÷èí"]
[Site "?"]
[Date "2014.05.07"]
[Round "5"]
[White "Kazhgaleyev, Murtas"]
[Black "Kuderinov, Kirill"]
[Result "1-0"]
[WhiteElo "2570"]
[BlackElo "2442"]
[PlyCount "85"]

1. e4 c5 2. Nf3 d6 3. d4 cxd4 4. Nxd4 Nf6 5. Nc3 g6 6. Be3 Bg7 7. f3 Nc6 8. Qd2
O-O 9. O-O-O d5 10. exd5 Nxd5 11. Nxc6 bxc6 12. Bd4 e5 13. Bc5 Be6 14. Ne4 Re8
15. Bc4 a5 16. a4 Qb8 17. g4 Nf4 18. Bxe6 Nxe6 19. Bd6 Qb6 20. g5 Nf4 21. Kb1
Nh5 22. Bc5 Qa6 23. h4 Qc4 24. b3 Qe6 25. Qe3 Red8 26. Rxd8+ Rxd8 27. Qc3 Ra8
28. Rd1 f5 29. gxf6 Nxf6 30. Rd6 Nxe4 31. fxe4 Qg4 32. Qc4+ Kh8 33. Rxc6 Qxh4
34. Kb2 Qf4 35. Be7 Qg4 36. Qd5 Rg8 37. Rc7 Qg1 38. Qf7 Qd4+ 39. Ka2 Qb6 40.
Bf8 Qf6 41. Bxg7+ Qxg7 42. Qxg7+ Rxg7 43. Rc8+ 1-0